00269nam a22000977a 450000500170000000800410001702000150005804000080007324500440008126000460012520200922125401.0200922b ||||| |||| 00| 0 eng d a0673102211 cCML aCounterpoint in Literature.cDaniel, E. aEnglandbScott, Foresman an Companyc1963